| 000 | 00589nam a22001937a 4500 | ||
|---|---|---|---|
| 005 | 20251108171059.0 | ||
| 008 | 250721s9999 xx 000 0 ara d | ||
| 082 | 1 | 4 | _aط/001.94/سلق |
| 100 | 1 | _aسلق، أحمد | |
| 245 | 1 | 0 | _aأغرب الحوادث / |
| 264 | 1 |
_aبيروت : _bدار الشرق العربي، _c[19-]. |
|
| 300 | _a8ص. | ||
| 490 | 0 | _aغرائب الكون للناشئة | |
| 650 | 1 | 7 | _aالعجائب و الغرائب |
| 653 | _aاطفال مرحلة متوسطة (6-9)سنوات | ||
| 700 | 1 | _aسلق، هيثم | |
| 942 |
_2ddc _cBK |
||
| 999 |
_c56089 _d56089 |
||